Państwa graniczące z Polską - Statystyki

Ogólne statystyki
  • Ten quiz został rozwiązany 120 razy
  • Średni wynik to 7 z 7
Statystyki odpowiedzi
Odpowiedź % Poprawnych
Niemcy
99%
Czechy
98%
Rosja
98%
Litwa
97%
Słowacja
97%
Ukraina
97%
Białoruś
96%
Nie znaleziono quizów pasujących do podanych kryteriów
Rozkład punktacji
Procent ludzi z każdym wynikiem
Percentyl według liczby udzielonych odpowiedzi
Twoja historia wyników
Nie rozwiązałeś tego quizu